Qijano (Record no. 10839)

MARC details
000 - LÍDER
campo de control de longitud fija 00736nam a2200217Ia 4500
008 - ELEMENTOS DE DATOS DE LONGITUD FIJA - INFORMACIÓN GENERAL
campo de control de longitud fija 0000001990 mX ad 0000000000spa00
090 ## - NÚMERO DE LLAMADA DE TIPO LC LOCALMENTE ASIGNADO (OCLC)
Número de clasificación (OCLC) (R) PSP00 R62q
100 1# - ENTRADA PRINCIPAL - NOMBRE PERSONAL
Nombre de la persona Rodríguez Coronel, Rogelio
245 10 - TÍTULO DECLARACIÓN
Título Qijano
Declaración de responsabilidad / textos Rogelio Rodríguez Coronel ; fotos de Pablos
260 ## - PUBLICACIÓN, DISTRIBUCIÓN
Lugar de publicación [Getafe] : [Disenpack]
Fecha de publicación 1990
300 ## - DESCRIPCIÓN FÍSICA
Alcance [48] p.
Dimensiones / 29 cm.
500 ## - NOTA GENERAL
Nota general Incluye cronología del artista \ Registro auspiciado por la FGAA. Bogotá
600 00 - ENTRADA DE SUJETO AÑADIDO - NOMBRE PERSONAL
Nombre de la persona QIJANO/
Subdivisión general TRABAJOS PICTORICOS
650 14 - ENTRADA DE SUJETO AÑADIDO - TÉRMINO TÓPICO
Término tópico o elemento de entrada del nombre geográfico ARTE CONTEMPORANEO ESPAÑOL
650 14 - ENTRADA DE SUJETO AÑADIDO - TÉRMINO TÓPICO
Término tópico o elemento de entrada del nombre geográfico ARTISTAS PLASTICOS ESPAÑOLES
650 14 - ENTRADA DE SUJETO AÑADIDO - TÉRMINO TÓPICO
Subdivisión general CATALOGOS
650 14 - ENTRADA DE SUJETO AÑADIDO - TÉRMINO TÓPICO
Término tópico o elemento de entrada del nombre geográfico PINTORES ESPAÑOLES
650 14 - ENTRADA DE SUJETO AÑADIDO - TÉRMINO TÓPICO
Término tópico o elemento de entrada del nombre geográfico PINTURA AL OLEO
650 14 - ENTRADA DE SUJETO AÑADIDO - TÉRMINO TÓPICO
Término tópico o elemento de entrada del nombre geográfico PINTURA ESPAÑOLA
700 1# - ENTRADA AGREGADA - NOMBRE PERSONAL
Nombre de la persona Pablos
Holdings
Estado de retirada Pérdida de estatus Estado dañado No para préstamo Código de recogida Ubicación permanente Ubicación actual Ubicación de las estanterías Fecha de adquisición Número de llamada completo Código de barras Fecha de la última vez que se vio Número de copia Precio efectivo desde Tipo de artículo Koha
        General ArtNexus ArtNexus General 06/09/2022 P-SP-00 R62Q 10939 06/09/2022 Ej.1 06/09/2022 Libro

Powered by Koha